Hodnotenie vývoja nákladov ubytovacieho zariadenia bakalárska práca

Na minha lista:
Detalhes bibliográficos
Autor principal: Zemánková, Marieta
Autor Corporativo: Obchodná fakulta EU. Katedra služieb a cestovného ruchu - zrušené
Outros Autores: Bažó, Ladislav, 1980-
Formato: Livro
Idioma:eslovaco
Publicado em: Bratislava 2019
Tags: Adicionar Tag
Sem tags, seja o primeiro a adicionar uma tag!

MARC

LEADER 00000nbm a2200000 4500
001 0255643
005 20191028150702.9
041 0 |a slo 
044 |a SK 
245 1 0 |a Hodnotenie vývoja nákladov ubytovacieho zariadenia  |b bakalárska práca  |c Marieta Zemánková ; školiteľ: Ladislav Bažó 
264 1 |a Bratislava  |c 2019 
300 |a 57 s. 
100 1 |a Zemánková, Marieta 
700 1 |a Bažó, Ladislav, 1980- 
710 2 |a Obchodná fakulta EU. Katedra služieb a cestovného ruchu - zrušené